000 00462nam a2200157Ia 4500
008 100204s9999 xx 000 0 und d
082 _b18481
100 _aहॅरॉल्ड रॉबिन्स
245 _aअमर
260 _b"मेहता पब्लिशिंग हाऊस , पुणे"
_c1993
300 _a316
630 _aअमर
700 _aमांडे अरुण
730 _aअमर
942 _cBOOK
999 _c462904
_d462901